000
00364nam a2200157Ia 4500
008
151213s9999 xx 000 0 und d
100
_a
S.Biswas
245
_a
English - Bengali dictionary
_c
S.Biswas
250
_a
3rd
260
_a
Kolkata
_b
S.Samsad
_c
2003
300
_a
2537 p.
650
_a
English
650
_a
English
700
_a
S.Biswas
999
_c
1716
_d
1716